[Event "Drobeta"]
[Site "Drobeta"]
[Date "1993.??.??"]
[Round "?"]
[White "Seder, Nicolae"]
[Black "Itkis, Boris"]
[Result "0-1"]
[WhiteElo "2235"]
[BlackElo "2435"]

1.e4 g6 2.d4 Bg7 3.Nc3 c6 4.a4 d5 5.Nf3 Bg4 6.exd5 cxd5 7.h3 Bxf3 8.Qxf3 e6
9.Be3 a6 10.Nd1 Nc6 11.c3 e5 12.dxe5 Nxe5 13.Qf4 Ne7 14.Be2 O-O 15.O-O Nf5
16.Qb4 Qd7 17.Qb3 Rac8 18.g4 Nh4 19.f4 Nc6 20.Bf2 Qe7 21.Qxd5 Rfd8 22.Bxh4 Qxh4
23.Qf3 Rd2 24.Ne3 Re8 25.Bc4 Nd4 26.cxd4 Rxe3 27.Rae1  0-1

[Event "Drobeta"]
[Site "Drobeta"]
[Date "1993.??.??"]
[Round "?"]
[White "Leustean, Laurentiu"]
[Black "Itkis, Boris"]
[Result "0-1"]
[WhiteElo "2225"]
[BlackElo "2435"]

1.e4 g6 2.d4 Bg7 3.Nc3 c6 4.Nf3 d6 5.h3 Nf6 6.a4 O-O 7.Bc4 d5 8.exd5 cxd5
9.Bd3 Nc6 10.Ne2 Nb4 11.Ng3 Nxd3+ 12.Qxd3 Ne4 13.O-O Nxg3 14.fxg3 Bf5 15.Qe2 Qc7
16.c3 Qxg3 17.Ne5 Be4 18.Bf4 Qh4 19.Qe3 f6 20.Nd7 Rfc8 21.Nc5 Rxc5 22.dxc5 e5
23.Bg3 Qh5 24.Rad1 f5 25.Bh2 Rf8 26.Qxe4  0-1

[Event "Dublin zt"]
[Site "Dublin"]
[Date "1993.??.??"]
[Round "1"]
[White "Roberts, Paul"]
[Black "Webster, Andrew"]
[Result "1/2-1/2"]
[WhiteElo "2160"]
[BlackElo "2330"]

1.e4 g6 2.d4 Bg7 3.Nc3 c6 4.f4 d5 5.e5 h5 6.Nf3 Bg4 7.Bd3 e6 8.O-O Nh6 9.h3 Bxf3
10.Qxf3 h4 11.Ne2 Nf5 12.c3 Nd7 13.b3 Bf8 14.Bb2 Qb6 15.Rac1 Rc8 16.Kh2 Be7
17.Rfd1 f6 18.c4 Kf7 19.c5 Qc7 20.b4 a5 21.b5 b6 22.bxc6 Qxc6 23.cxb6 Qxb6
24.Bxf5 gxf5 25.Rxc8 Rxc8 26.Qh5+ Kg7 27.Qxh4 Qxb2 28.Rd3 Qxe2 29.Rg3+ Kf7
30.Qh7+ Ke8 31.Rg7 Qb5 32.Rxe7+ Kd8 33.Rxe6 Qf1 34.Qe7+ Kc7 35.Qd6+ Kd8  1/2-1/2

[Event "Dublin zt"]
[Site "Dublin"]
[Date "1993.??.??"]
[Round "1"]
[White "Lawson, David"]
[Black "Hodgson, Julian M"]
[Result "0-1"]
[WhiteElo "2255"]
[BlackElo "2565"]

1.e4 g6 2.d4 Bg7 3.Nc3 c6 4.f4 d5 5.e5 Nh6 6.Nf3 f6 7.Bd3 Bg4 8.O-O O-O 9.Ne2 Nd7
10.c3 Bxf3 11.Rxf3 fxe5 12.fxe5 Rxf3 13.gxf3 e6 14.Kh1 Qf8 15.Ng3 Qe7 16.Be3 Rf8
17.Qe2 Qh4 18.Rg1 Nb6 19.b3 Nc8 20.a4 Ne7 21.b4 Nf7 22.Qd2 Bh6 23.Nf1 Bxe3
24.Qxe3 Nh6 25.Ng3 Kh8 26.a5 Kg7 27.Bc2 Nhf5 28.Bxf5 Nxf5 29.Nxf5+ Rxf5 30.Rg3 Rh5
31.Rg2 Qh3 32.Kg1 Qf5 33.Re2 Rg5+ 34.Kh1 h6 35.Re1 Rh5 36.Re2 Rh3 37.Kg2 g5
38.Qf2 h5 39.Re3 g4 40.f4 Rxe3 41.Qxe3 Qe4+ 42.Qxe4 dxe4 43.c4 h4 44.b5 a6
45.d5 exd5  0-1

[Event "Dublin zt"]
[Site "Dublin"]
[Date "1993.??.??"]
[Round "6"]
[White "Hodgson, Julian M"]
[Black "Webster, Andrew"]
[Result "1-0"]
[WhiteElo "2565"]
[BlackElo "2330"]

1.d4 g6 2.e4 Bg7 3.Nc3 c6 4.Be3 d6 5.Qd2 b5 6.Nf3 Nd7 7.Bd3 Bb7 8.O-O Qc7
9.a4 b4 10.Ne2 a5 11.Rfe1 Ngf6 12.Bh6 O-O 13.Ng3 c5 14.c3 e6 15.Qg5 bxc3
16.bxc3 cxd4 17.cxd4 Rfc8 18.h4 Qd8 19.Bxg7 Kxg7 20.h5 Ng8 21.Qg4 Ba6 22.Bb1 Rab8
23.hxg6 hxg6 24.Nh5+ Kf8 25.Nf4 e5 26.Nd5 Ndf6 27.Qg3 Nxd5 28.exd5 exd4 29.Bxg6 fxg6
30.Ng5 Qd7 31.Ne6+ Kf7 32.Qf4+  1-0

[Event "Dublin zt"]
[Site "Dublin"]
[Date "1993.??.??"]
[Round "7"]
[White "Summerscale, Aaron"]
[Black "Hodgson, Julian M"]
[Result "1/2-1/2"]
[WhiteElo "2345"]
[BlackElo "2565"]

1.e4 g6 2.d4 Bg7 3.Nc3 c6 4.Nf3 d5 5.h3 Nf6 6.Bd3 dxe4 7.Nxe4 Nxe4 8.Bxe4 Nd7
9.c3 O-O 10.O-O c5 11.Re1 cxd4 12.Nxd4 Nc5 13.Bc2 e5 14.Nf3 Qc7 15.Qe2 b6
16.Rd1 Ba6 17.Qe1 Rad8 18.Bg5 f6 19.Be3 Nd3 20.Qe2 Nb4 21.Bb3+ Kh8 22.Qe1 Nd3
23.Qe2 Rd6 24.Ne1 Rfd8 25.Nxd3 Bxd3 26.Qe1 f5 27.f3 h6 28.Rd2 g5 29.Rad1 f4
30.Bd4 exd4 31.Rxd3 Qc5 32.Kh2 Qe5 33.Qxe5 Bxe5 34.Kg1 Kg7 35.Kf1 Kf6 36.cxd4 Bxd4
37.Bc4 Ke5 38.b3 h5 39.a4 Kf6 40.R3d2  1/2-1/2

[Event "Dublin zt"]
[Site "Dublin"]
[Date "1993.??.??"]
[Round "11"]
[White "Duncan, Christopher R"]
[Black "Webster, Andrew"]
[Result "0-1"]
[WhiteElo "2285"]
[BlackElo "2330"]

1.e4 g6 2.d4 Bg7 3.Nc3 c6 4.Be3 d6 5.Qd2 b5 6.Bd3 Nd7 7.Nf3 Bb7 8.O-O Qc7
9.Ne2 a6 10.a4 Ngf6 11.Ng3 Ng4 12.Bf4 e5 13.dxe5 dxe5 14.Bg5 h6 15.Bh4 Nc5
16.axb5 cxb5 17.Qb4 O-O 18.h3 Nf6 19.Bxf6 Bxf6 20.Qd2 Kg7 21.Qe3 Rfd8 22.Rfd1 Na4
23.Qc1 Qe7 24.c3 h5 25.Qc2 h4 26.Nf1 Nc5 27.Qe2 Ne6 28.g3 Rh8 29.Kg2 hxg3
30.fxg3 Bh4 31.Qe3 Bg5 32.Qf2 Qc7 33.Bc2 Rh5 34.Ne3 Bxe3 35.Qxe3 f5 36.exf5 Ng5
37.Rf1 Rf8 38.Rae1 gxf5 39.Kf2 Nxf3  0-1

[Event "Autonomico op"]
[Site "ESP"]
[Date "1993.??.??"]
[Round "9"]
[White "Anguix Garrido, Juan Francisco"]
[Black "Coret Frasquet, Jose"]
[Result "1-0"]
[WhiteElo "2300"]
[BlackElo "2290"]

1.d4 g6 2.e4 Bg7 3.Nc3 c6 4.Nf3 b5 5.a3 d6 6.Be2 Nf6 7.O-O O-O 8.e5 Ne8 9.Bf4 Nc7
10.Re1 Bg4 11.exd6 exd6 12.d5 Bxc3 13.bxc3 Nxd5 14.Bh6 Nd7 15.Qd4 N7f6 16.Bxf8 Qxf8
17.h3 Bf5 18.c4 c5 19.Qd2 bxc4 20.Bxc4 Nb6 21.Bf1 Ne4 22.Qa5 d5 23.Nd2 Ng5
24.Qc3 Qd6 25.Qe5 Qxe5 26.Rxe5 Ne6 27.c3 Rd8 28.a4 d4 29.c4 Bc2 30.a5 Na4
31.Ra3 Nc3 32.a6 Rb8 33.Re1 Rb2 34.g3 Kg7 35.Ra5 Bf5 36.g4 Rxd2 37.gxf5 gxf5
38.Rxe6 fxe6 39.Rxc5 Kf6 40.Rc7 Ra2 41.Rxa7 Ne4 42.Ra8 Nc5 43.a7 Nd7 44.c5 Ra5
45.Kg2 Ke7 46.Bb5 d3 47.Bxd3 Nxc5 48.Bb5 Nb7  1-0

[Event "Espoo op"]
[Site "Espoo"]
[Date "1993.??.??"]
[Round "8"]
[White "Klovans, Janis"]
[Black "Kirilov, Valentins"]
[Result "1-0"]
[WhiteElo "2440"]
[BlackElo "2360"]

1.e4 g6 2.d4 Bg7 3.Nc3 c6 4.f4 d6 5.Nf3 Bg4 6.Be3 Qa5 7.h3 Bxf3 8.Qxf3 Nd7
9.e5 e6 10.Bd2 Bf8 11.Nb5 Qb6 12.Nxd6+ Bxd6 13.exd6 Ngf6 14.O-O-O O-O-O 15.c4 Qxd4
16.Be3 Qe4 17.Qf2 Qf5 18.Bd3 Qa5 19.Kb1 c5 20.Bc2 Kb8 21.Rhe1 Rc8 22.g4 h5
23.g5 Ne8 24.Bd2 Qa6 25.Bc3 Rg8 26.Be5 Rc6 27.Qd2 Qxc4 28.Bd3 Qa4 29.Re4 c4
30.b3 Qa3 31.Bxc4 a6 32.Be2 f6 33.gxf6 Nexf6 34.Ra4 Qc5 35.Rc4 Qb6 36.Rxc6 Qxc6
37.Rc1 Qe4+ 38.Bd3 Qd5 39.Qc3 Ne4 40.Bxe4 Qxe4+ 41.Kb2 Ka8 42.h4 Rf8 43.a4 Qd5
44.Rc2 Qe4 45.Qa5 Ka7 46.Rc4 Qe2+ 47.Ka3 Nxe5 48.Qxe5 Qd1 49.d7 Ra8 50.Qe3+  1-0

[Event "GER CupT"]
[Site "Germany"]
[Date "1993.??.??"]
[Round "?"]
[White "Mueller, Karsten"]
[Black "Kleinschmidt, Felix"]
[Result "1-0"]
[WhiteElo "2490"]
[BlackElo "2255"]

1.e4 g6 2.d4 Bg7 3.Nc3 c6 4.Bc4 d6 5.Nf3 Nf6 6.Bg5 Qb6 7.O-O Qxb2 8.Qd3 d5
9.exd5 Bf5 10.Qe3 Qb4 11.dxc6 Nxc6 12.Bxf6 Bxf6 13.Nd5 Qd6 14.Nxf6+ Qxf6
15.d5 Nb4 16.Qb3 Nxc2 17.Rac1 Nd4 18.Nxd4 Qxd4 19.Qxb7 O-O 20.Qxe7 Rfe8 21.Qa3 Rac8
22.Qa6 Re4 23.Bb3 Rxc1 24.Rxc1 Bg4 25.h3 Qd2 26.Qf1 Be2 27.Qe1 Qg5 28.Rc8+ Kg7
29.Qc3+ Kh6 30.Rc7 Rf4 31.Qe3 Bf3 32.g3 Rf5 33.Qxg5+ Kxg5 34.Rxa7 Re5 35.Kf1 Kf6
36.d6 Bd5 37.d7 Ke7 38.Bxd5 Rxd5 39.d8=Q+ Kxd8 40.Rxf7  1-0

[Event "Oberliga Nord W9293"]
[Site "Germany"]
[Date "1993.??.??"]
[Round "?"]
[White "Autenrieth, Michael"]
[Black "Riebe, Toralf"]
[Result "1-0"]
[WhiteElo "2265"]
[BlackElo "2360"]

1.e4 g6 2.d4 Bg7 3.Nc3 c6 4.g3 d5 5.exd5 cxd5 6.Bg2 e6 7.Nf3 Nc6 8.O-O Nge7
9.Re1 O-O 10.Ne2 b5 11.Bf4 a5 12.Qd2 Re8 13.a3 b4 14.axb4 Nxb4 15.c3 Nbc6
16.Nc1 Nb8 17.Nd3 Nec6 18.Nfe5 Nxe5 19.Bxe5 Ba6 20.Bxg7 Kxg7 21.Nc5 Bb5 22.b3 Bc6
23.Ra3 Nd7 24.Rea1 Qb6 25.Nxd7 Bxd7 26.c4 Bc6 27.cxd5 Bxd5 28.Bxd5 exd5 29.b4 Re4
30.Rxa5 Rxd4 31.Qc3 Qf6 32.Kg2 Rb8 33.Ra6 Rb6 34.Rxb6 Qxb6 35.Rd1  1-0

[Event "BL2-O9293"]
[Site "Germany"]
[Date "1993.??.??"]
[Round "?"]
[White "Bachmayr, Peter"]
[Black "Siepelt, Heiner"]
[Result "1-0"]
[WhiteElo "2255"]
[BlackElo "2300"]

1.e4 g6 2.d4 Bg7 3.Nc3 c6 4.Nf3 d5 5.Be2 Bg4 6.exd5 cxd5 7.Ne5 Bxe2 8.Qxe2 a6
9.Qf3 Nf6 10.Bg5 Nc6 11.Rd1 O-O 12.O-O Qd6 13.Rfe1 Rad8 14.a3 Na7 15.h4 Nc8
16.g4 Qb6 17.Bc1 e6 18.Bg5 Qxb2 19.Ne2 Ne4 20.Bxd8 f6 21.Nd3 Qxa3 22.Bc7 e5
23.c4 f5 24.cxd5 Qe7 25.Bxe5 Qxh4 26.Bxg7 Kxg7 27.Nef4 Kg8 28.Ne6 Rf6 29.g5 Rf7
30.Qf4 Qh5 31.Kg2  1-0

[Event "BL9293 (Women)"]
[Site "Germany"]
[Date "1993.??.??"]
[Round "?"]
[White "Wagner Michel, Annett"]
[Black "Koglin, Anke"]
[Result "0-1"]
[WhiteElo "2175"]
[BlackElo "2130"]

1.e4 g6 2.d4 Bg7 3.Nc3 c6 4.Nf3 d6 5.h3 Nf6 6.Bg5 O-O 7.Qd2 Nbd7 8.e5 dxe5
9.dxe5 Nd5 10.Nxd5 cxd5 11.O-O-O Nxe5 12.Nxe5 Bxe5 13.Qxd5 Qc7 14.Qc4 Bxb2+
15.Kxb2 Qe5+ 16.Qd4 Qxg5 17.h4 Qf6 18.h5 e5 19.Qc5 Be6 20.hxg6 hxg6 21.Re1 e4+
22.Qc3 Qxc3+ 23.Kxc3 Rac8+ 24.Kb2 f5 25.Re3 Kg7 26.Be2 Rfd8 27.Kc1 a6 28.a3 Rc5
29.g4 Rdc8 30.Bd1 Kf6 31.Rg1 Rh8 32.gxf5 gxf5 33.Reg3 Ke5 34.Rg7 b5 35.Re1 Kf6
36.Ra7 Rc6 37.f3 Bd5 38.Rd7 Ke6 39.Rg7 Rhc8 40.Rg6+ Kf7 41.Rg5 Kf6 42.f4 Rh8
43.Bh5 Rc3 44.Kb2 Rh3 45.Rg6+ Ke7 46.Be2 R8h6 47.Rg5 Be6 48.Rg7+ Bf7 49.Rg5 Rf6
50.Bd1 Rh4 51.Rf1 Bc4 52.Rf2 e3 53.Rf3 e2 54.Bxe2 Bxe2 55.Re3+ Re6 56.Rg7+ Kd6  0-1

[Event "NRW-Liga II 9293"]
[Site "Germany"]
[Date "1993.??.??"]
[Round "?"]
[White "Hubert, Ralf"]
[Black "Telljohann, Sven"]
[Result "0-1"]
[WhiteElo "2385"]
[BlackElo "2340"]

1.d4 g6 2.e4 Bg7 3.Nc3 c6 4.Bc4 d6 5.Qf3 e6 6.Nge2 Nd7 7.a4 Ngf6 8.g4 e5
9.g5 exd4 10.Nxd4 Ne5 11.Qe2 Nxc4 12.Qxc4 Nd7 13.f4 h6 14.Nf3 Nb6 15.Qd3 Bg4
16.O-O Bxf3 17.Rxf3 hxg5 18.f5 Be5 19.Rh3 Qf6 20.Rxh8+ Qxh8 21.Qe2 Qh4 22.a5 Nd7
23.a6 b6 24.fxg6 fxg6 25.Bd2 O-O-O 26.Be1 Qh5 27.Qg2 Rh8 28.Bg3 Bxg3 29.Qxg3 Ne5
30.Rf1 g4 31.Rf6 Kd7 32.Qf4 Ke7 33.Qf2 g3  0-1

[Event "Hessenliga"]
[Site "Germany"]
[Date "1993.??.??"]
[Round "?"]
[White "Grabarczyk, Bogdan"]
[Black "Marzoll, Wolfgang"]
[Result "1/2-1/2"]
[WhiteElo "2345"]
[BlackElo "2350"]

1.e4 g6 2.d4 Bg7 3.Nc3 c6 4.Bc4 b5 5.Bb3 b4 6.Na4 d5 7.e5 f6 8.f4 Nh6 9.Nf3 O-O
10.a3 a5 11.Bd2 Na6 12.axb4 axb4 13.O-O  1/2-1/2

[Event "Hessenliga"]
[Site "Germany"]
[Date "1993.??.??"]
[Round "?"]
[White "Christoph, Manfred"]
[Black "Marzoll, Wolfgang"]
[Result "1/2-1/2"]
[WhiteElo "2300"]
[BlackElo "2350"]

1.e4 g6 2.d4 Bg7 3.Nc3 c6 4.g3 d5 5.exd5 cxd5 6.Bg2 Nf6 7.h3 Nc6 8.Nge2 O-O
9.O-O h6 10.Kh2 g5 11.g4 e5 12.dxe5 Nxe5 13.Nxd5 Nxd5 14.Qxd5 Qc7 15.Kg1 Qxc2
16.Nd4 Qd3 17.Nb5 Qxd5 18.Bxd5 Bd7  1/2-1/2

[Event "Oberliga Ost A9293"]
[Site "Germany"]
[Date "1993.??.??"]
[Round "?"]
[White "Liedtke, Matthias"]
[Black "Bueder, Thomas"]
[Result "1/2-1/2"]
[WhiteElo "2305"]
[BlackElo "2250"]

1.e4 g6 2.d4 Bg7 3.Nc3 c6 4.Bc4 d6 5.Qf3 e6 6.Be3 Nd7 7.h4 b5 8.Bd3 a6 9.h5 Bb7
10.hxg6 hxg6 11.Rxh8 Bxh8 12.Qh3 Bf6 13.Nf3 b4 14.Ne2 Qa5 15.Bd2 Ne7 16.a3 c5
17.Qg3 Qc7 18.dxc5 Nxc5 19.Bxb4 a5 20.Bxc5 Qxc5 21.c3 Nc6 22.O-O-O Ke7 23.Bc2 a4
24.Nd2 Na5 25.Nf4 Qb6  1/2-1/2

[Event "BL2-W9293"]
[Site "Germany"]
[Date "1993.??.??"]
[Round "?"]
[White "Wiemer, Ralf"]
[Black "Schnaebele, Uwe"]
[Result "1-0"]
[WhiteElo "2300"]
[BlackElo "2270"]

1.e4 g6 2.d4 Bg7 3.Nc3 c6 4.Bc4 d6 5.Be3 Nd7 6.Qd2 Ngf6 7.f3 b5 8.Bb3 Nb6
9.Nge2 O-O 10.h4 h5 11.Nf4 Nc4 12.Bxc4 bxc4 13.e5 Nd5 14.Ncxd5 cxd5 15.O-O-O Bf5
16.Nxd5 dxe5 17.dxe5 Bxe5 18.Qb4 Kh7 19.Qxe7 Qxe7 20.Nxe7 Be6 21.Nc6 Bg7
22.Bd4 Bh6+ 23.Kb1 Rfc8 24.Nxa7 Rcb8 25.Nc6 Rb5 26.Bc3 Rb6 27.Nd8 Raa6 28.a3 Bf5
29.Nxf7 Rb8 30.Nxh6 Kxh6 31.Kc1  1-0

[Event "BL9293 (Women)"]
[Site "Germany"]
[Date "1993.??.??"]
[Round "?"]
[White "Ehrke, Anja"]
[Black "Fischdick, Gisela"]
[Result "1/2-1/2"]
[WhiteElo "2195"]
[BlackElo "2265"]

1.e4 g6 2.d4 Bg7 3.Nc3 c6 4.f4 d5 5.e5 h5 6.Nf3 Nh6 7.Be3 Bg4 8.Be2 e6 9.g3 Nf5
10.Bf2 h4 11.Nxh4 Bxe2 12.Qxe2 Nxh4 13.gxh4 Bf8 14.O-O-O Nd7 15.Kb1 Qa5 16.Rd3 O-O-O
17.Rh3 Bb4 18.a3 Be7 19.Be1 Qb6 20.Qd3 Rh5 21.Na4 Qb5 22.Qxb5 cxb5 23.Nc3 a6
24.Rg1 Rdh8 25.Rg4 Nb8 26.Ne2 Nc6 27.Bf2 Kd7 28.Ng1 Bd8 29.Nf3 Rf5 30.Be3 Na5  1/2-1/2

[Event "BL2-S9293"]
[Site "Germany"]
[Date "1993.??.??"]
[Round "?"]
[White "Birk, Steffen"]
[Black "Gabriel, Josef"]
[Result "1-0"]
[WhiteElo "2265"]
[BlackElo "2240"]

1.e4 g6 2.d4 c6 3.Nc3 Bg7 4.Be3 a5 5.Qd2 a4 6.Nf3 d6 7.Be2 Bg4 8.O-O e6 9.Rad1 d5
10.exd5 exd5 11.Rfe1 Nf6 12.Ne5 Bxe2 13.Rxe2 O-O 14.Rde1 Qb6 15.Bg5 Ne4 16.Nxe4 dxe4
17.Nc4 Qa6 18.Nd6 f6 19.Bh6 f5 20.Bxg7 Kxg7 21.f3 Rd8 22.Nxf5+ Kh8 23.Rxe4 Nd7
24.Qh6 Rg8 25.Qxh7+  1-0

[Event "Gladsaxe"]
[Site "Gladsaxe"]
[Date "1993.??.??"]
[Round "4"]
[White "Rej, Dennis"]
[Black "Werner, Gert"]
[Result "1-0"]
[WhiteElo "2285"]
[BlackElo "1890"]

1.e4 g6 2.d4 Bg7 3.Nc3 c6 4.Be3 d5 5.Qd2 Nf6 6.e5 Ng4 7.Bf4 h5 8.O-O-O b6
9.h3 Nh6 10.Nf3 e6 11.Bg5 Qc7 12.Kb1 Ba6 13.Ne2 Nd7 14.g4 hxg4 15.hxg4 Nxg4
16.Rxh8+ Bxh8 17.Bh4 Bg7 18.Qg5 Ndxe5 19.dxe5 Nxe5 20.Nxe5 Bxe5 21.Qh6 Bxe2
22.Bxe2 Qd6 23.c3 Kd7 24.Bd3 Rh8 25.Qg5 f6 26.Qg4 f5 27.Qa4 a6 28.Bg5 Kc7
29.Re1 Kb7 30.Qd1 Bg7 31.Bf1 e5 32.Qd3 Ra8 33.Re3 c5 34.Rh3 c4 35.Qd1 Rh8
36.Rxh8 Bxh8 37.Bxc4 Kc6 38.Qh1 Bg7 39.Bb3 e4 40.Qh7 Qe5 41.Qxg6+ Kb5 42.Bd8  1-0

[Event "Graz op"]
[Site "Graz"]
[Date "1993.??.??"]
[Round "4"]
[White "Podlesnik, Bogdan"]
[Black "Fahrner, Kurt"]
[Result "1/2-1/2"]
[WhiteElo "2380"]
[BlackElo "2265"]

1.e4 g6 2.d4 Bg7 3.Nc3 c6 4.Nf3 d5 5.Bf4 Qb6 6.Qd2 dxe4 7.Ne5 Nf6 8.Bc4 O-O
9.O-O-O Nbd7 10.h3 Nxe5 11.dxe5 Nh5 12.Be3 Qb4 13.Qd4 Qa5 14.Qxe4 Qxe5 15.Qxe5 Bxe5
16.Bc5 Bxc3 17.bxc3 Re8 18.Rhe1 e6 19.Bd6 f6 20.g4 Ng7 21.f4 Kf7 22.a4 b6
23.Kb2 Bb7 24.a5 Rad8 25.Bb4 c5 26.Ba3 Rxd1 27.Rxd1 Ke7 28.Re1 Rd8 29.Kc1 Rd6
30.Bb2 Bd5 31.Bd3 c4 32.Bf1 Kd7 33.Ba3 Rc6 34.Bf8 bxa5 35.Bxg7 a4 36.Bxf6 a3
37.Kd2 Rb6 38.Ra1 Ra6 39.Ke3 Kc6 40.Be7 a2 41.Kd4 Ra5 42.Bb4 Ra4 43.Bxc4 a5
44.Bb3 Bxb3 45.cxb3 axb4 46.cxb4 Rxb4+ 47.Kc3 Rxf4 48.Rxa2 Rf3+ 49.Kc4 Rxh3
50.Ra6+ Kd7 51.b4 Rg3 52.Kc5 Rc3+ 53.Kd4 Rg3 54.Kc5 Rc3+ 55.Kd4 Rb3 56.Kc4 Rb1
57.Kc5 e5 58.Kd5 Rxb4 59.Ra7+ Ke8 60.Kxe5 Rxg4 61.Rxh7  1/2-1/2

[Event "Groningen op"]
[Site "Groningen"]
[Date "1993.??.??"]
[Round "4"]
[White "Los, Sander"]
[Black "Nevednichy, Vladislav"]
[Result "0-1"]
[WhiteElo "2335"]
[BlackElo "2535"]

1.e4 g6 2.d4 Bg7 3.Nc3 c6 4.f4 d5 5.e5 Nh6 6.Nf3 Bg4 7.Be3 f6 8.Be2 O-O 9.h3 Bxf3
10.Bxf3 Nf5 11.Bf2 fxe5 12.fxe5 e6 13.O-O Nd7 14.Ne2 Qg5 15.Qd3 h5 16.Kh2 Rf7
17.Rg1 c5 18.c3 Re8 19.Raf1 Kh7 20.g4 hxg4 21.Bxg4 Ref8 22.Ng3 Nh6 23.Qe2 Nxg4+
24.hxg4 Rf3 25.Kg2 Qxg4 26.Qd1 Nxe5 27.dxe5 Bxe5 28.Qe1 Rxf2+ 29.Rxf2 Bxg3
30.Rxf8 Bxe1+ 31.Kf1 Bg3  0-1

[Event "Groningen op"]
[Site "Groningen"]
[Date "1993.??.??"]
[Round "10"]
[White "Frolov, Artur"]
[Black "Finkel, Alexander"]
[Result "1-0"]
[WhiteElo "2535"]
[BlackElo "2370"]

1.e4 g6 2.d4 Bg7 3.Nc3 c6 4.h4 d5 5.e5 h5 6.Bf4 Qb6 7.Na4 Qa5+ 8.c3 Nh6 9.Nc5 Nd7
10.Nb3 Qb6 11.Qd2 Nf8 12.Nc5 Ne6 13.Nxe6 Bxe6 14.Nf3 O-O-O 15.a4 Rde8 16.a5 Qd8
17.a6 b6 18.Be2 f6 19.O-O Bg4 20.c4 Bxf3 21.Bxf3 fxe5 22.dxe5 dxc4 23.Qb4 Qd4
24.Be3 Qxe5 25.Qxc4 Qc7 26.Qe6+ Kb8 27.Bf4  1-0

[Event "Groningen op"]
[Site "Groningen"]
[Date "1993.??.??"]
[Round "10"]
[White "Vehi Bach, Victor Manuel"]
[Black "Nevednichy, Vladislav"]
[Result "0-1"]
[WhiteElo "2380"]
[BlackElo "2535"]

1.e4 g6 2.d4 Bg7 3.Nc3 c6 4.f4 d5 5.e5 Nh6 6.Nf3 Bg4 7.h3 Bxf3 8.Qxf3 f6
9.Bd3 e6 10.exf6 Qxf6 11.Ne2 Nf5 12.c3 Nd7 13.Bd2 O-O-O 14.O-O-O Nd6 15.Kb1 Kb8
16.g4 e5 17.dxe5 Nxe5 18.Qg3 Nxd3 19.Qxd3 Rhe8 20.Rhf1 Qe7 21.Ng3 Qh4 22.Qf3 Ka8
23.Be3 Nc4 24.Bc1 Qe7 25.f5 Be5 26.Bf4 Qc7 27.Bxe5 Rxe5 28.Rd3 a5 29.Qf2 c5
30.b3 Na3+ 31.Kb2 Nb5 32.a4 Nd6 33.Rfd1 Qc6 34.Qf3 c4 35.Rxd5 cxb3 36.Kxb3 Rc8
37.R1d3 Qb6+ 38.Kc2 Nc4  0-1

[Event "Harkany op"]
[Site "Harkany"]
[Date "1993.??.??"]
[Round "2"]
[White "Medvegy, Nora"]
[Black "Zemerov, Vladimir"]
[Result "0-1"]
[WhiteElo "2105"]
[BlackElo "2420"]

1.e4 c6 2.d4 g6 3.Nc3 Bg7 4.Nf3 d6 5.h3 b5 6.a3 a6 7.Be3 Qc7 8.Be2 Bb7 9.O-O Nd7
10.Qd2 h6 11.Rad1 e6 12.Ne1 Ne7 13.Bf4 g5 14.Be3 Ng6 15.Bh5 Nb6 16.b3 Nd7
17.f4 Nxf4 18.Bxf4 gxf4 19.Qxf4 Nf6 20.Bxf7+ Qxf7 21.e5 O-O 22.exf6 Qxf6
23.Qxf6 Bxf6 24.Ne2 Rae8 25.Nf3 Kh7 26.c4 Be7 27.Nc3 bxc4 28.bxc4 a5 29.Rfe1 Bc8
30.Rb1 e5 31.dxe5 dxe5 32.Ne4 Bxa3 33.Rb8 Kg7 34.Ra8 Bb4 35.Rd1 Bf5 36.Rxe8 Rxe8
37.Ng3 Bc8 38.Ne4 Bf5 39.Ng3 Bc2 40.Rd7+ Re7 41.Rxe7+ Bxe7 42.Nxe5 a4 43.Ne2 a3
44.Nc1 Bg5 45.Na2 Bb3 46.Nc3 Bd2  0-1

[Event "Harkany op"]
[Site "Harkany"]
[Date "1993.??.??"]
[Round "9"]
[White "Medvegy, Nora"]
[Black "Mozes, Ervin"]
[Result "1-0"]
[WhiteElo "2105"]
[BlackElo "2355"]

1.e4 g6 2.d4 Bg7 3.Nc3 c6 4.Nf3 Nf6 5.Bd3 d6 6.h3 O-O 7.O-O Nbd7 8.Be3 e5
9.a4 b6 10.Qd2 Re8 11.Rad1 Bb7 12.dxe5 Nxe5 13.Be2 c5 14.Nxe5 dxe5 15.f3 Qe7
16.Qd6 Bf8 17.Nb5 Red8 18.Qxe7 Bxe7 19.Bg5 Kg7 20.b3 a5 21.Na3 Nd5 22.Bxe7 Nxe7
23.Bb5 f5 24.Nc4 fxe4 25.Nxb6 Rab8 26.Nd7 Rbc8 27.Nxe5 exf3 28.gxf3 Nd5 29.Nc4 Ra8
30.Rfe1 Kf6 31.Ne5 Nb6 32.Kf2 Rxd1 33.Ng4+ Kg7 34.Rxd1 Nd5 35.c4 Nf6 36.Nxf6 Kxf6
37.Rd7 Bc8 38.Rxh7 Bf5 39.Rc7 Rc8 40.Ra7 Ke5 41.Kg3 Rh8 42.h4 g5 43.hxg5 Rh3+
44.Kg2 Rh5 45.Bc6 Rxg5+ 46.Kf2 Rg6 47.Bd5 Rb6 48.Rxa5 Rxb3 49.Rxc5 Kf4 50.Rb5 Ra3
51.Rb2 Rxa4 52.Rd2 Ra3 53.Rd4+ Ke5 54.Rh4 Rc3 55.Kg3 Bd3 56.Kf2 Bb1 57.Rg4 Bf5
58.Rh4 Bd3 59.Kg3 Rc1 60.Rg4 Bf5 61.f4+ Kf6 62.Rh4 Bd3 63.Rh8 Bxc4 64.Rc8 Rc3+
65.Kh4 Kf5 66.Rf8+ Kg6 67.f5+ Kg7 68.Rf7+ Kh6 69.Rc7 Bxd5 70.Rxc3 Bf7 71.Rg3 Be8
72.Rg5 Bf7 73.Kg4  1-0

[Event "Helsinki We SKF"]
[Site "Helsinki"]
[Date "1993.??.??"]
[Round "?"]
[White "Maidla, Vallo"]
[Black "Vetemaa, Juri"]
[Result "1-0"]
[WhiteElo "2360"]
[BlackElo "2385"]

1.e4 g6 2.d4 Bg7 3.Nc3 c6 4.Bc4 d6 5.Qf3 e6 6.Nge2 Nd7 7.Bf4 d5 8.exd5 exd5
9.Bxd5 cxd5 10.Nxd5 Nb6 11.Nc7+ Kf8 12.O-O-O Nf6 13.Nxa8 Nxa8 14.Qa3+ Kg8
15.Qxa7 Nb6 16.Nc3 Nfd5 17.Nxd5 Nxd5 18.Be5 f6 19.Bg3 h5 20.h4 Kh7 21.Rhe1 Re8
22.a3 Rxe1 23.Rxe1 Nb6 24.Rd1 Bh6+ 25.Kb1 Nc4 26.Qc5 Nd2+ 27.Ka1 Qe8 28.Qc7+ Bg7
29.f3 Qe2 30.Re1 Qxg2 31.Re7 Qf1+ 32.Be1  1-0

[Event "Heraklio op"]
[Site "Heraklio"]
[Date "1993.??.??"]
[Round "4"]
[White "Genov, Petar"]
[Black "Gratseas, Stefanos"]
[Result "1-0"]
[WhiteElo "2435"]
[BlackElo "2240"]

1.d4 g6 2.e4 Bg7 3.Nc3 c6 4.Bc4 d6 5.Qf3 e6 6.Nge2 d5 7.Bd3 f5 8.exf5 exf5
9.h4 Nf6 10.Bg5 Na6 11.h5 Nb4 12.Nf4 Kf7 13.O-O-O Qa5 14.hxg6+ hxg6 15.Rxh8 Bxh8
16.Qh3 Nxd3+ 17.Rxd3 Qd8 18.Rg3 Qg8 19.Bxf6 Bxf6 20.Rxg6 Qxg6 21.Nxg6 Kxg6
22.Qg3+ Kf7 23.Qc7+ Kg6 24.Ne2 Bg5+ 25.Nf4+ Bxf4+ 26.Qxf4 Be6 27.Qg3+  1-0

[Event "Hlinsko op"]
[Site "Hlinsko"]
[Date "1993.??.??"]
[Round "?"]
[White "Efler, Lukas"]
[Black "Varejcko, Josef"]
[Result "1/2-1/2"]
[WhiteElo "2255"]
[BlackElo "2300"]

1.e4 g6 2.d4 Bg7 3.Nc3 c6 4.Be3 d5 5.e5 h5 6.Nge2 Nh6 7.f3 Bf5 8.Nf4 Qb6
9.Na4 Qa5+ 10.c3 Nd7 11.b4 Qc7 12.Nd3 a5 13.a3 O-O 14.Be2 axb4 15.axb4 Bxd3
16.Bxd3 b5 17.Nc5 Nxe5 18.dxe5 Qxe5 19.Kf2 Qxc3 20.Rxa8 Rxa8 21.Qb3 Qxb3
22.Nxb3 Ra2+ 23.Kg3 e5 24.Na5 Ra3 25.Rd1 e4 26.Bxh6 Bxh6 27.Be2 Rc3 28.Nxc6 Rxc6
29.Rxd5 e3 30.Bxb5 Rc2 31.Re5 f6 32.Re6 Kf7 33.Ra6 h4+ 34.Kh3 f5 35.Ra1 Bf8
36.Re1 f4 37.Re2  1/2-1/2

[Event "HUN-chT2"]
[Site "HUN"]
[Date "1993.??.??"]
[Round "?"]
[White "Toth, Laszlo"]
[Black "Istvandi, Lajos"]
[Result "0-1"]
[WhiteElo "2225"]
[BlackElo "2370"]

1.e4 g6 2.d4 Bg7 3.Nc3 c6 4.f4 d5 5.e5 h5 6.Be3 Nh6 7.Nf3 Bg4 8.h3 Bxf3 9.Qxf3 Nf5
10.Bf2 h4 11.Bd3 e6 12.O-O Nd7 13.Ne2 Bf8 14.c4 dxc4 15.Bxc4 Nb6 16.Bb3 Nd5
17.Rac1 Be7 18.Bc2 Qb6 19.Be4 Qd8 20.Rfd1 Qd7 21.a3 a5 22.Nc3 a4 23.Bc2 Nxc3
24.Qxc3 Bd8 25.Be4 Ne7 26.Qf3 Nd5 27.Rc4 Be7 28.Rdc1 Kf8 29.Qg4 Kg7 30.Kh1 Ra6
31.Rg1 Raa8 32.Rcc1 Rh6 33.Rcf1 Rc8 34.Qf3 Ra8 35.Be1 f5 36.exf6+ Bxf6 37.Bc3 Rf8
38.Bc2 Ne7 39.Bb4 Rf7 40.Bxe7 Rxe7 41.Rd1 Qd5 42.Be4 Qd6 43.Qg4 Bxd4 44.Rgf1 c5
45.Rd3 Qb6 46.f5 exf5 47.Bxf5 Rf7 48.Rdf3 Rf6 49.Bd3 Qd6 50.Qe4 Qc7 51.Bc4 Rh8
52.Bd3 Rh6 53.Rf4 Rxf4 54.Rxf4 Bf6 55.Bc4 Rh5 56.Rg4 Rg5 57.Rf4 Re5 58.Qf3 Re1+
59.Bf1 Qe7 60.Rxa4 Bd4 61.Ra7 Qe3 62.Rxb7+ Kh6 63.Qf8+ Kg5 64.Qd8+ Bf6 65.Qd5+ Kh6
66.Qc4 Bd4  0-1

[Event "HUN-chT2"]
[Site "HUN"]
[Date "1993.??.??"]
[Round "?"]
[White "Veroci, Zsuzsa"]
[Black "Ezsol, Miklos"]
[Result "0-1"]
[WhiteElo "2325"]
[BlackElo "2340"]

1.e4 c6 2.d4 g6 3.Nc3 Bg7 4.Nf3 d6 5.Be3 Nf6 6.h3 Nbd7 7.a4 O-O 8.a5 e5 9.dxe5 dxe5
10.Qd6 Re8 11.Bc4 Bf8 12.Qd2 Bb4 13.Ng5 Rf8 14.O-O Bxa5 15.f4 Bb6 16.Bxb6 Qxb6+
17.Kh2 Qc5 18.Bb3 b5 19.Rad1 Ba6 20.f5 b4 21.Na4 Qe7 22.Rf3 c5 23.Nxf7 c4
24.Nh6+ Kh8 25.fxg6 hxg6 26.Qg5 cxb3 27.cxb3 Rae8 28.Qh4 Nh7 29.Qxe7 Rxe7
30.Rd6 Rxf3 31.gxf3 Be2 32.Kg3 Nhf6 33.Kf2 Bb5 34.Nc5 Nxc5 35.Rxf6 Kg7 36.Ng4 Nd3+
37.Ke3 Nxb2 38.Rd6 Nd3 39.Rd5 Ba6 40.Rd6 Bb5 41.Rd5 a6  0-1